ARRUPE JESUIT UNIVERSITY

CORONAVIRUS -STOP THE SPREAD - CLEAN,DISINFECT,COVER

The leopard's Kopje tradition (Record no. 30317)

MARC details
000 -LEADER
fixed length control field 00449nam a2200169Ia 4500
003 - CONTROL NUMBER IDENTIFIER
control field 0100
005 - DATE AND TIME OF LATEST TRANSACTION
control field 20190124091621.0
008 - FIXED-LENGTH DATA ELEMENTS--GENERAL INFORMATION
fixed length control field 130303s9999 xx 000 0 und d
040 ## - CATALOGING SOURCE
Transcribing agency ARRUPELIB
050 ## - LIBRARY OF CONGRESS CALL NUMBER
Classification number GN780.42.Z5 H84 1974
300 ## - PHYSICAL DESCRIPTION
Dimensions 25cm
100 ## - MAIN ENTRY--PERSONAL NAME
Personal name Huffman, Thomas N
9 (RLIN) 31795
245 #4 - TITLE STATEMENT
Title The leopard's Kopje tradition
Statement of responsibility, etc Thomas N. Huffman
260 ## - PUBLICATION, DISTRIBUTION, ETC. (IMPRINT)
Place of publication, distribution, etc Salisbury
260 ## - PUBLICATION, DISTRIBUTION, ETC. (IMPRINT)
Name of publisher, distributor, etc Trustees of the National Museums and Monuments of Rhodesia
260 ## - PUBLICATION, DISTRIBUTION, ETC. (IMPRINT)
Date of publication, distribution, etc 1974
300 ## - PHYSICAL DESCRIPTION
Extent 150p. ;
650 ## - SUBJECT ADDED ENTRY--TOPICAL TERM
Topical term or geographic name as entry element Iron age
Geographic subdivision Zimbabwe
9 (RLIN) 44113
651 ## - SUBJECT ADDED ENTRY--GEOGRAPHIC NAME
Geographic name Zimbabwe
General subdivision Antiquities
9 (RLIN) 9546
700 ## - ADDED ENTRY--PERSONAL NAME
Personal name Thomas N Huffman
9 (RLIN) 44114
942 ## - ADDED ENTRY ELEMENTS (KOHA)
Source of classification or shelving scheme Library of Congress Classification
Koha item type Monograph ( Printed materials)
Holdings
Withdrawn status Lost status Source of classification or shelving scheme Damaged status Not for loan Collection code Home library Current library Shelving location Date acquired Total Checkouts Full call number Barcode Date last seen Copy number Price effective from Koha item type
    Library of Congress Classification     Main Collection ARRUPE LIBRARY ARRUPE LIBRARY Main Collection 04/03/2013   GN780.42.Z5 H84 1974 46003044665 09/04/2018 1 04/03/2013 Monograph ( Printed materials)
    Library of Congress Classification     SPECIAL Collection ARRUPE LIBRARY ARRUPE LIBRARY REFERENCE 11/04/2014   SPC. GN780.42.Z5 H84 1974 46500001697 11/04/2014 2 11/04/2014 SPC
    Library of Congress Classification     SPECIAL Collection ARRUPE LIBRARY ARRUPE LIBRARY REFERENCE 24/01/2019   SPC. GN780.42.Z5 H84 1974 46600003394 24/01/2019   24/01/2019 SPC

 

Arrupe Library. PO Box MP320 Mt Pleasant, Harare, Zimbabwe
263 242 745411|librarian@aju.ac.zw